[Event "13th SC 1400/1800"]
[Site "SchemingMind.com"]
[Date "2006.07.14"]
[Round "-"]
[White "bdenley"]
[Black "Joe Hayden"]
[Result "1-0"]
[WhiteCountry "USA"]
[BlackCountry "IRL"]
[WhiteElo "1620"]
[WhiteRD "67"]
[BlackElo "1650"]
[BlackRD "86"]
[GameID "59744"]

1. e4 e5 2. Nf3 Nc6 3. d4 exd4 4. Nxd4 Nxd4 5. Qxd4 Nf6 6. e5 Qe7 7. Be2 Ng8 8. Nc3 g6 9. Nd5 Qd8 10. Nf6+ Nxf6
11. exf6 d5 12. O-O Bf5 13. Re1 Be6 14. Bg4 Qd6 15. Bf4 Qc6 16. Bxe6 Qb6 17. Bxd5+ Kd8 18. Qxb6 axb6 19. Bxb7 Rb8 20. Rad1+ Bd6
21. Bc6 b5 22. Re7 Rb6 23. Bxd6 Kc8 24. Bd7+ Kb7 25. Be5 Rf8 26. Bg4 Rc6 27. Bf3
1-0

[Event "13th SC 1400/1800"]
[Site "SchemingMind.com"]
[Date "2006.07.17"]
[Round "-"]
[White "Joe Hayden"]
[Black "bdenley"]
[Result "1-0"]
[WhiteCountry "IRL"]
[BlackCountry "USA"]
[WhiteElo "1709"]
[WhiteRD "80"]
[BlackElo "1625"]
[BlackRD "64"]
[GameID "59745"]

1. e4 c5 2. Nf3 Nc6 3. Bc4 d6 4. Ng5 Ne5 5. Bd5 e6 6. Bb3 Qxg5 7. O-O Bd7 8. d4 Qf6 9. dxe5 Qxe5 10. Nc3 b5
11. a3 c4 12. Ba2 Nf6 13. Re1 Bc6 14. Qf3 Qh5 15. Qxh5 Nxh5 16. Bg5 Be7 17. Bxe7 Kxe7 18. b3 cxb3 19. Bxb3 Rac8 20. Re3 Nf6
21. e5 dxe5 22. Rxe5 a6 23. Rd1 Bxg2 24. Nxb5 Bf3 25. Rd3 axb5 26. Rxf3 Rhd8 27. Rxb5 Rd1+ 28. Kg2 Rd2 29. Rb7+ Nd7 30. Ba4 Rd8
31. Bb3 Ra8 32. a4 f6 33. Re3 e5 34. Rg3 Kf8 35. Be6 Rd8 36. a5 Rd6 37. Bc4 Rd4 38. Bb3 f5 39. a6 Ra8 40. a7 g6
41. Be6 Ke7 42. Bb3 e4 43. Rc3 Kf6 44. Rcc7 Ne5 45. Rb8 Rxa7 46. Rxa7 Rd2 47. h3 Kg5 48. Ra2 e3 49. c4 e2 50. Ra1 Nxc4
51. Re8 Nb2 52. Re1 Nd3 53. R1xe2 Rxe2 54. Rxe2 Nf4+ 55. Kf3 Nxe2 56. Kxe2 Kf4 57. Bg8 h6 58. Bh7 g5 59. Bg6 g4 60. h4 Ke5
61. Kf1 Kf6 62. Bh5 Ke5 63. Kg1 Kf4= 64. Kg2 Ke4 65. Kg3 Ke5 66. Be8 Ke4 67. Bc6+ Ke5 68. h5
1-0

[Event "13th SC 1400/1800"]
[Site "SchemingMind.com"]
[Date "2006.07.15"]
[Round "-"]
[White "rougon"]
[Black "bdenley"]
[Result "0-1"]
[WhiteCountry "USA"]
[BlackCountry "USA"]
[WhiteElo "1655"]
[WhiteRD "73"]
[BlackElo "1592"]
[BlackRD "72"]
[GameID "59747"]

1. d4 d5 2. c4 Nf6 3. cxd5 c6 4. Nc3 cxd5 5. Bg5 Bf5 6. Nf3 e6 7. e3 Be7 8. Bd3 Ne4 9. Bxe7 Qxe7 10. O-O Nc6
11. Rc1 O-O 12. Nd2 Nxd2 13. Qxd2 Bxd3 14. Qxd3 Rac8 15. Rfe1 a6 16. a3 Na5 17. f3 Nc4 18. Re2 b5 19. e4 dxe4 20. fxe4 Rfd8
21. a4 b4 22. Nd1 Nxb2 23. Nxb2 Rxc1+ 24. Kf2 Qf6+ 25. Kg3 Rc3
0-1

[Event "13th SC 1400/1800"]
[Site "SchemingMind.com"]
[Date "2006.07.15"]
[Round "-"]
[White "rougon"]
[Black "Joe Hayden"]
[Result "0-1"]
[WhiteCountry "USA"]
[BlackCountry "IRL"]
[WhiteElo "1647"]
[WhiteRD "65"]
[BlackElo "1650"]
[BlackRD "86"]
[GameID "59748"]

1. e4 e5 2. Nf3 Nc6 3. Bb5 d6 4. O-O Nf6 5. Re1 Bd7 6. c3 Be7 7. d4 a6 8. Ba4 b5 9. Bc2 O-O 10. h3 exd4
11. cxd4 Re8 12. Nc3 Bf8 13. Bg5 Be7 14. Qd2 Nb4 15. Bb3 a5 16. a3 Nc6 17. Rad1 b4 18. Bxf6 bxc3 19. bxc3 Bxf6 20. e5 Be7
21. Qf4 Rf8 22. Qe4 Bg5 23. Bd5 Ra6 24. Bxf7+ Rxf7 25. e6 Re7 26. Nxg5 g6 27. Qh4 Bc8 28. d5 Ne5 29. Nxh7 Kg7 30. Ng5 Qh8
31. Nh7 Re8
0-1

[Event "13th SC 1400/1800"]
[Site "SchemingMind.com"]
[Date "2006.07.15"]
[Round "-"]
[White "bdenley"]
[Black "rougon"]
[Result "1-0"]
[WhiteCountry "USA"]
[BlackCountry "USA"]
[WhiteElo "1592"]
[WhiteRD "72"]
[BlackElo "1655"]
[BlackRD "73"]
[GameID "59749"]

1. e4 e6 2. c4 d5 3. cxd5 exd5 4. exd5 Qxd5 5. Nc3 Qa5 6. d4 Bb4 7. Bd2 Nf6 8. a3 Be7 9. Nf3 O-O 10. Bc4 b6
11. Nd5 Qxd5 12. Bxd5 Nxd5 13. Rc1 Bb7 14. O-O Nc6 15. Re1 Bf6 16. Bg5 Rad8 17. Bxf6 Nxf6 18. Rc3 Nxd4 19. Nxd4 c5 20. Rd3 cxd4
21. Rxd4 Rc8 22. Re2 h6 23. Red2 Ne8 24. Rd8 Rc5 25. R8d7 Bc6 26. Rxa7 Rg5 27. f4 Rf5 28. Qg4
1-0

[Event "13th SC 1400/1800"]
[Site "SchemingMind.com"]
[Date "2006.07.17"]
[Round "-"]
[White "Joe Hayden"]
[Black "rougon"]
[Result "1-0"]
[WhiteCountry "IRL"]
[BlackCountry "USA"]
[WhiteElo "1650"]
[WhiteRD "86"]
[BlackElo "1647"]
[BlackRD "65"]
[GameID "59750"]

1. e4 c5 2. Nf3 e6 3. Bc4 Nc6 4. Nc3 d6 5. O-O Nge7 6. d3 g6 7. Bg5 Bg7 8. Qd2 O-O 9. h3 Re8 10. Qe3 a6
11. a3 Nd4 12. Bb3 Qc7 13. Rac1 b5 14. Ne2 Nec6 15. Nfxd4 Nxd4 16. Qd2 Bb7 17. Nxd4 Bxd4 18. c3 Bh8 19. Rfe1 c4 20. dxc4 bxc4
21. Ba4 Bc6 22. Bxc6 Qxc6 23. Rcd1 f6 24. Bf4 Rad8 25. Qe2 d5 26. exd5 exd5 27. Qf3 Rxe1+ 28. Rxe1 Qb6 29. Bc1 d4 30. cxd4 Qxd4
31. Qe2 f5 32. Qe6+ Kf8 33. Bh6+ Bg7 34. Qe7+ Kg8 35. Bxg7 Qxg7 36. Qxd8+
1-0

[Event "13th SC 1400/1800"]
[Site "SchemingMind.com"]
[Date "2006.07.18"]
[Round "-"]
[White "faulty"]
[Black "bdenley"]
[Result "0-1"]
[WhiteCountry "USA"]
[BlackCountry "USA"]
[WhiteElo "1725"]
[WhiteRD "91"]
[BlackElo "1620"]
[BlackRD "67"]
[GameID "60127"]

1. e4 c5 2. Nf3 Nc6 3. d4 cxd4 4. Nxd4 d6 5. Nc3 g6 6. Be3 Bg7 7. Be2 Nf6 8. f3 O-O 9. Qd2 Bd7 10. O-O-O Rc8
11. Kb1 a6 12. h4 b5 13. g4 h5 14. g5 Nh7 15. f4 Nxd4 16. Bxd4 Bxd4 17. Qxd4 Qc7 18. Rd2 Qb7 19. Nd5 Bc6 20. c4 e6
21. cxb5 axb5 22. Rg1 exd5 23. exd5 Bd7 24. Bd3 Rc5 25. Be4 Rc4 26. Qd3 Rxe4
0-1

[Event "13th SC 1400/1800"]
[Site "SchemingMind.com"]
[Date "2006.07.18"]
[Round "-"]
[White "faulty"]
[Black "rougon"]
[Result "0-1"]
[WhiteCountry "USA"]
[BlackCountry "USA"]
[WhiteElo "1725"]
[WhiteRD "91"]
[BlackElo "1647"]
[BlackRD "65"]
[GameID "60128"]

1. e4 e6 2. d4 d5 3. Nc3 Bb4 4. e5 c5 5. a3 Bxc3+ 6. bxc3 Qa5 7. Bd2 Qa4 8. Nf3 Nc6 9. Be3 c4 10. Be2 Nge7
11. O-O O-O 12. Nh4 a6 13. f4 f5 14. g4 Bd7 15. Kh1 Na7 16. Qc1 Nb5 17. Bd2 Qa5 18. Qb2 Rab8 19. Ng2 Qd8 20. a4 Nc7
21. Qa3 b6 22. g5 b5 23. a5 Ne8 24. h4 g6 25. Rfb1 Nc6 26. Ra2 Qe7 27. Qc1 Kg7 28. Qe1 Rh8 29. Kg1 h6 30. Kf2 hxg5
31. hxg5 Kg8 32. Kg3 Qh7 33. Qh1 Qxh1
0-1

[Event "13th SC 1400/1800"]
[Site "SchemingMind.com"]
[Date "2006.07.18"]
[Round "-"]
[White "faulty"]
[Black "Joe Hayden"]
[Result "1-0"]
[WhiteCountry "USA"]
[BlackCountry "IRL"]
[WhiteElo "1781"]
[WhiteRD "90"]
[BlackElo "1729"]
[BlackRD "77"]
[GameID "60129"]

1. e4 e5 2. Nf3 Nc6 3. Bb5 d6 4. d4 exd4 5. Nxd4 Bd7 6. Nc3 Nf6 7. O-O Nxd4 8. Qxd4 Be7 9. e5 dxe5 10. Qxe5 O-O
11. Bg5 Bd6 12. Qd4 Bxb5 13. Bxf6 Qxf6 14. Qxf6 gxf6 15. Nxb5 Be5 16. c3 c6 17. Na3 Rad8 18. Rad1 Rfe8 19. g3 Bc7 20. Nc4 b5
21. Ne3 Bb6 22. Rxd8 Rxd8 23. Rd1 Re8 24. Re1 Kg7 25. Kg2 Kg6 26. Nc2 Rd8 27. Re2 Rd1 28. Nb4 c5 29. Nc6 Rd6 30. Ne7+ Kh5
31. Nf5 Rd7 32. Nh4 Bc7 33. f4 Bd6 34. Kf3 Bc7 35. Nf5 Kg6 36. Ke4 c4 37. Nd4 Bb6 38. Nxb5 f5+ 39. Kf3 Rd3+ 40. Kg2 Rd5
41. Na3 Rc5 42. Nc2 Ra5 43. a3 Rb5 44. Ne1 Bc7 45. Nf3 Rd5 46. Rd2 Rc5 47. Rd7 Bb6 48. Ne5+ Kg7 49. Rxf7+ Kg8 50. Rxf5 Bd8
51. Ng4 Rc6 52. Rd5 Be7 53. Rd7 Bc5 54. Ne5 Re6 55. Kf3 Bg1 56. h3
1-0

[Event "13th SC 1400/1800"]
[Site "SchemingMind.com"]
[Date "2006.07.17"]
[Round "-"]
[White "bdenley"]
[Black "faulty"]
[Result "0-1"]
[WhiteCountry "USA"]
[BlackCountry "USA"]
[WhiteElo "1620"]
[WhiteRD "67"]
[BlackElo "1725"]
[BlackRD "91"]
[GameID "60130"]

1. e4 e5 2. Nf3 Nc6 3. Bc4 Bc5 4. d3 d6 5. Nc3 Bg4 6. h3 Bh5 7. Be3 Bxe3 8. fxe3 Na5 9. Bb3 Nxb3 10. axb3 Nf6
11. g4 Bg6 12. Rf1 h6 13. Nh4 Nxe4 14. Nxg6 Nxc3 15. bxc3 fxg6 16. Qf3 Qh4+ 17. Kd2 O-O-O 18. Rxa7 c6 19. Qf7 Rd7 20. Qe6 Kb8
21. Qxd7 Kxa7 22. Ra1+ Kb6 23. c4 Rd8 24. Qxg7 Qf2+ 25. Kc3 Qxe3 26. Qf6 Qd4+ 27. Kd2 Qf4+ 28. Qxf4 exf4 29. Re1 d5 30. d4 dxc4
31. bxc4 Rxd4+ 32. Kc3 Rd6 33. h4 Rf6 34. Kd4 g5 35. h5 Rf7 36. Re5 f3 37. Rf5 Rxf5 38. gxf5 f2
0-1

[Event "13th SC 1400/1800"]
[Site "SchemingMind.com"]
[Date "2006.07.17"]
[Round "-"]
[White "rougon"]
[Black "faulty"]
[Result "0-1"]
[WhiteCountry "USA"]
[BlackCountry "USA"]
[WhiteElo "1647"]
[WhiteRD "65"]
[BlackElo "1725"]
[BlackRD "91"]
[GameID "60131"]

1. d4 Nf6 2. c4 e6 3. Nc3 d5 4. Bg5 Be7 5. Nf3 h6 6. Bxf6 Bxf6 7. e3 O-O 8. Bd3 c5 9. O-O cxd4 10. exd4 dxc4
11. Bxc4 Nc6 12. Ne2 Qb6 13. Qb3 Nxd4 14. Nexd4 Bxd4 15. Nxd4 Qxd4 16. Rad1 Qf6 17. Be2 b6 18. Bf3 Rb8 19. Qa3 Bb7 20. Bxb7 Rxb7
21. Rd3 Rd8 22. Rfd1 Rxd3 23. Rxd3 Qe7 24. Qc3 Qc7 25. Qd2 Kh7 26. g3 Qc5 27. Rc3 Qf5 28. Rd3 e5 29. a3 e4 30. Rd5 Qe6
31. Qd4 Re7 32. Rd6 Qg4 33. f4 e3 34. Qd3+ g6 35. Qc3 Qf3 36. Rd2 exd2 37. Qxf3 Re1+ 38. Kf2 d1=Q
0-1

[Event "13th SC 1400/1800"]
[Site "SchemingMind.com"]
[Date "2006.07.18"]
[Round "-"]
[White "Joe Hayden"]
[Black "faulty"]
[Result "1/2-1/2"]
[WhiteCountry "IRL"]
[BlackCountry "USA"]
[WhiteElo "1709"]
[WhiteRD "80"]
[BlackElo "1731"]
[BlackRD "92"]
[GameID "60132"]

1. e4 e5 2. Nf3 Nc6 3. Nc3 Nf6 4. Bc4 Be7 5. O-O O-O 6. d3 d6 7. Bg5 Bg4 8. h3 Bh5 9. Bxf6 Bxf6 10. Nd5 Na5
11. Bb3 Nxb3 12. axb3 c6 13. Nxf6+ Qxf6 14. Qe2 Bxf3 15. Qxf3 Qxf3 16. gxf3 f5 17. exf5 Rxf5 18. Kg2 a6 19. Rfe1 Raf8 20. Re3 Rg5+
21. Kh2 Rf4 22. Rg1 Rgf5 23. Rg3 d5 24. Kg2 h5 25. Rg6 Rf6 26. Rg5 R4f5 27. Rxe5 Rxf3 28. Re2 g6 29. Rge5 Kg7 30. Re7+ Rf7
31. Rxf7+ Rxf7 32. c4 Kf6 33. Re3 Re7 34. cxd5 Rxe3 35. fxe3 cxd5 36. Kf3 g5 37. e4 d4 38. Kg3 Ke5 39. Kf3 a5 40. Kg3 Kd6
41. Kf3 Kc5 42. e5 Kd5 43. e6 Kxe6 44. Ke4 g4 45. h4 g3 46. Kf3 Ke5 47. Kxg3 b5 48. b4= a4 49. Kf3 Kf5=
1/2-1/2

[Event "13th SC 1400/1800"]
[Site "SchemingMind.com"]
[Date "2006.07.18"]
[Round "-"]
[White "uergash"]
[Black "faulty"]
[Result "0-1"]
[WhiteCountry "USA"]
[BlackCountry "USA"]
[WhiteElo "1479"]
[WhiteRD "72"]
[BlackElo "1781"]
[BlackRD "90"]
[GameID "60251"]

1. c4 c5 2. Nc3 Nc6 3. Nf3 Nf6 4. g3 g6 5. Bg2 Bg7 6. d4 cxd4 7. Nxd4 O-O 8. O-O a6 9. e4 Nxe4 10. Nxc6 Nxc3
11. Nxd8 Nxd1 12. Nxf7 Nxb2 13. Nh6+ Kh8 14. Bxb2 Bxb2 15. Rab1 Bg7 16. Ng4 Rb8 17. Rfe1 d5 18. Ne3 Bc3 19. Rec1 d4 20. Nd5 Bf5
21. Rb3 Bd2 22. Rd1 Bg5 23. Rxd4 e5 24. Rd1 Bc2 25. Re1 Bxb3 26. axb3 Rfe8 27. Nc7 Re7 28. Nd5 Re6 29. Nc7 Rb6 30. Rxe5 Bh6
31. Bd5 Rxb3 32. Re7 Bf8
0-1

[Event "13th SC 1400/1800"]
[Site "SchemingMind.com"]
[Date "2006.07.18"]
[Round "-"]
[White "uergash"]
[Black "bdenley"]
[Result "0-1"]
[WhiteCountry "USA"]
[BlackCountry "USA"]
[WhiteElo "1537"]
[WhiteRD "70"]
[BlackElo "1625"]
[BlackRD "64"]
[GameID "60252"]

1. e4 c5 2. Nf3 Nc6 3. d4 cxd4 4. Nxd4 Nf6 5. Nc3 g6 6. Be3 a6 7. f3 Bg7 8. Qd2 O-O 9. O-O-O d6 10. Bc4 Bd7
11. h4 h5 12. Nd5 b5 13. Bb3 Ne5 14. Nxf6+ Bxf6 15. Bh6 Bg7 16. Bxg7 Kxg7 17. Rdg1 Rc8 18. g4 hxg4 19. fxg4 f6 20. h5 g5
21. h6+ Kh7 22. Nf5 Nf3 23. Qg2 Nxg1 24. Qxg1 a5 25. Qh2 a4 26. Bg8+ Rxg8 27. Qh5 Be8 28. Qh3 Rc4 29. Qd3 Qc7 30. Ng7 e5
31. Qd5 Rxc2+ 32. Kb1 Rc5 33. Qd2 Bf7 34. Ka1 Rc8 35. Kb1 Rc2 36. Qd1 Qc4 37. b3 axb3 38. a3 b2
0-1

[Event "13th SC 1400/1800"]
[Site "SchemingMind.com"]
[Date "2006.07.18"]
[Round "-"]
[White "uergash"]
[Black "rougon"]
[Result "0-1"]
[WhiteCountry "USA"]
[BlackCountry "USA"]
[WhiteElo "1526"]
[WhiteRD "70"]
[BlackElo "1647"]
[BlackRD "65"]
[GameID "60253"]

1. e4 c5 2. Nf3 d6 3. d4 cxd4 4. Nxd4 Nf6 5. Nc3 a6 6. Bg5 e6 7. f4 b5 8. Qf3 Bb7 9. Bd3 Be7 10. O-O-O Nbd7
11. g4 Qc7 12. Rhf1 b4 13. Nce2 Rc8 14. h4 Nc5 15. Kb1 Ncxe4 16. Bxf6 Nc3+ 17. bxc3 Bxf3 18. Rxf3 Bxf6 19. cxb4 Qb6 20. Nb3 Qxb4
21. Bxa6 Qa3 22. Ned4 Qxa6 23. g5 Bxd4 24. Rxd4 Ra8 25. Nc1 Ke7 26. Rfd3 Rhb8+ 27. Ka1 Rb6 28. f5 Qb5 29. Rb3 Qe5 30. f6+ gxf6
31. gxf6+ Qxf6 32. Rd3 e5 33. Re4 Rg8 34. Rd1 Qf3 35. Ree1 Qc3#
0-1

[Event "13th SC 1400/1800"]
[Site "SchemingMind.com"]
[Date "2006.07.18"]
[Round "-"]
[White "uergash"]
[Black "Joe Hayden"]
[Result "0-1"]
[WhiteCountry "USA"]
[BlackCountry "IRL"]
[WhiteElo "1479"]
[WhiteRD "72"]
[BlackElo "1729"]
[BlackRD "77"]
[GameID "60254"]

1. e4 e5 2. Nf3 Nc6 3. Bc4 Nf6 4. Nc3 Bc5 5. d3 O-O 6. O-O d6 7. Bg5 Bg4 8. h3 Bd7 9. Qd2 Bb4 10. Rfe1 h6
11. Bxh6 gxh6 12. Qxh6 Nh7 13. Nh4 Qf6 14. Qh5 Bxc3 15. bxc3 Be6 16. Bxe6 fxe6 17. Qg4+ Ng5 18. Nf3 Rf7 19. Qxg5+ Qxg5 20. Nxg5 Rg7
21. Nxe6 Re7 22. Ng5 Kf8 23. d4 exd4 24. c4 Ne5 25. c5 dxc5 26. f4 Nc4 27. e5 b5 28. e6 Ne3
0-1

[Event "13th SC 1400/1800"]
[Site "SchemingMind.com"]
[Date "2006.07.20"]
[Round "-"]
[White "faulty"]
[Black "uergash"]
[Result "1-0"]
[WhiteCountry "USA"]
[BlackCountry "USA"]
[WhiteElo "1731"]
[WhiteRD "92"]
[BlackElo "1537"]
[BlackRD "70"]
[GameID "60255"]

1. e4 Nf6 2. e5 Nd5 3. d4 d6 4. Nf3 Nc6 5. Be2 e6 6. O-O Be7 7. c4 Nb6 8. exd6 cxd6 9. Nc3 Nd7 10. d5 Nb4
11. dxe6 fxe6 12. Nd4 Nf6 13. Qa4+ Nc6 14. Nxc6 bxc6 15. Qxc6+ Bd7 16. Qa6 O-O 17. Be3 Qc7 18. Bf3 Rac8 19. b3 e5 20. Qxa7 Qxa7
21. Bxa7 e4 22. Nxe4 Nxe4 23. Bxe4 Bf6 24. Rad1 Be5 25. c5 Bb5 26. Rfe1 dxc5 27. Bd5+ Kh8 28. Rxe5 Rfd8 29. Rde1 Rc7 30. Bb6 Rcd7
31. Re8+ Rxe8 32. Rxe8#
1-0

[Event "13th SC 1400/1800"]
[Site "SchemingMind.com"]
[Date "2006.07.18"]
[Round "-"]
[White "bdenley"]
[Black "uergash"]
[Result "1-0"]
[WhiteCountry "USA"]
[BlackCountry "USA"]
[WhiteElo "1681"]
[WhiteRD "61"]
[BlackElo "1452"]
[BlackRD "75"]
[GameID "60256"]

1. e4 e6 2. d4 d5 3. exd5 exd5 4. Nc3 Nf6 5. Bg5 Bb4 6. Ne2 Qd6 7. a3 Bxc3+ 8. Nxc3 c6 9. Bd3 O-O 10. O-O Bg4
11. f3 Bh5 12. Re1 Nbd7 13. Qd2 Rfe8 14. Rxe8+ Rxe8 15. Re1 Rxe1+ 16. Qxe1 h6 17. Bh4 Qf4 18. Bg3 Qxd4+ 19. Bf2 Qf4 20. Ne2 Qg5
21. Ng3 Kf8 22. Nxh5 Nxh5 23. Qb4+ Kg8 24. Qxb7 Qc1+ 25. Bf1 Nhf6 26. c3 a5 27. Qc8+ Kh7 28. Bd4 c5 29. Bxf6 Qe3+ 30. Kh1 Qe1=
31. Kg1 Qe3+ 32. Kh1 Qe1 33. Qa6 c4 34. Kg1 Qe3+ 35. Kh1 Qf2 36. Bd4 Qxf1+ 37. Bg1 Nf6 38. Qxa5 Nh5 39. Qxd5 Nf4 40. Qe4+ Ng6
41. h4 Qc1 42. h5 Qg5 43. hxg6+ fxg6 44. Qxc4 Qh5+ 45. Bh2 Qg5 46. a4 Qc1+ 47. Bg1 Qxb2 48. Qb4 Qd2 49. a5 Qg5 50. a6 Qh5+
51. Bh2 g5 52. Qe4+ Kg8 53. a7
1-0

[Event "13th SC 1400/1800"]
[Site "SchemingMind.com"]
[Date "2006.07.18"]
[Round "-"]
[White "rougon"]
[Black "uergash"]
[Result "1-0"]
[WhiteCountry "USA"]
[BlackCountry "USA"]
[WhiteElo "1647"]
[WhiteRD "65"]
[BlackElo "1526"]
[BlackRD "70"]
[GameID "60257"]

1. c4 e5 2. Nc3 Nf6 3. g3 c6 4. Bg2 d5 5. cxd5 cxd5 6. d3 Be6 7. Bg5 Nc6 8. Bxf6 Qxf6 9. Nxd5 Bxd5 10. Bxd5 Bc5
11. Nf3 O-O 12. O-O Rad8 13. Be4 Rfe8 14. Qc2 Bb6 15. Rac1 Rc8 16. Qa4 Qe6 17. Ng5 Qd7 18. Bxh7+ Kh8 19. Qh4 Rc7 20. Bf5+ Kg8
21. Bxd7 Rxd7 22. Qh7+ Kf8 23. Qh8+ Ke7 24. Qxg7 Kd8 25. Ne4 f5 26. Qf6+ Ne7 27. Nd6 Rg8 28. Rc8#
1-0

[Event "13th SC 1400/1800"]
[Site "SchemingMind.com"]
[Date "2006.07.19"]
[Round "-"]
[White "Joe Hayden"]
[Black "uergash"]
[Result "1-0"]
[WhiteCountry "IRL"]
[BlackCountry "USA"]
[WhiteElo "1709"]
[WhiteRD "80"]
[BlackElo "1537"]
[BlackRD "70"]
[GameID "60258"]

1. e4 e6 2. e5 d5 3. d4 c5 4. c3 Nc6 5. Nf3 Qb6 6. Be2 Bd7 7. O-O cxd4 8. cxd4 Nge7 9. Nc3 Nf5 10. Be3 Nxe3
11. fxe3 Be7 12. b3 O-O 13. Qd3 Rac8 14. a3 Qxb3 15. Rfb1 Qc4 16. Qd2 Qxe2 17. Nxe2 h6 18. Rxb7 Kh8 19. Rxd7
1-0

[Event "13th SC 1400/1800"]
[Site "SchemingMind.com"]
[Date "2006.07.19"]
[Round "-"]
[White "Mitchell-in"]
[Black "faulty"]
[Result "1-0"]
[WhiteCountry "ENG"]
[BlackCountry "USA"]
[WhiteElo "1605"]
[WhiteRD "60"]
[BlackElo "1725"]
[BlackRD "91"]
[GameID "60338"]

1. e4 e5 2. Nf3 Nc6 3. Bc4 Bc5 4. Nc3 Nf6 5. d3 h6 6. h3 O-O 7. g4 d6 8. g5 hxg5 9. Bxg5 Ne7 10. Bxf6 gxf6
11. Rg1+ Kh7 12. Nxe5 Ng8 13. Qh5+ Nh6 14. Nxf7
1-0

[Event "13th SC 1400/1800"]
[Site "SchemingMind.com"]
[Date "2006.07.19"]
[Round "-"]
[White "Mitchell-in"]
[Black "bdenley"]
[Result "1-0"]
[WhiteCountry "ENG"]
[BlackCountry "USA"]
[WhiteElo "1605"]
[WhiteRD "60"]
[BlackElo "1620"]
[BlackRD "67"]
[GameID "60339"]

1. e4 c5 2. c3 Qa5 3. Nf3 Nc6 4. a3 Nf6 5. d3 d6 6. Be2 g6 7. O-O Bg7 8. Nbd2 O-O 9. Nb3 Qa4 10. Be3 Be6
11. Nbd2 Qxd1 12. Rfxd1 Ng4 13. Nf1 b5 14. h3 Nxe3 15. Nxe3 Ne5 16. Nxe5 Bxe5 17. d4 cxd4 18. cxd4 Bg7 19. Rac1 Rfc8 20. Rxc8+ Rxc8
21. f3 a6 22. Kf2 Bb3 23. Rd3 Bc2 24. Rd2 Bb3 25. Rd3 Bc4 26. Rd2 Bxe2 27. Kxe2 e6 28. d5 Be5 29. dxe6 fxe6 30. Ng4 Bg3
31. Ne3= Bf4 32. g4 Rc6 33. Rc2 Rxc2+ 34. Nxc2 d5 35. exd5 exd5 36. Nb4 Be5 37. b3 d4 38. Nxa6 Bd6 39. Kd3 Bxa3 40. Kxd4 Kf7
41. Nc7 b4 42. Nb5 Bb2+ 43. Kc4 Be5 44. Kxb4 Ke6 45. Kc4 Kd7 46. Kd5 Bg3 47. Nd4 Bd6 48. Nb5 Bg3 49. Nd4 Bf4= 50. Ne6
1-0

[Event "13th SC 1400/1800"]
[Site "SchemingMind.com"]
[Date "2006.07.19"]
[Round "-"]
[White "Mitchell-in"]
[Black "rougon"]
[Result "0-1"]
[WhiteCountry "ENG"]
[BlackCountry "USA"]
[WhiteElo "1605"]
[WhiteRD "60"]
[BlackElo "1647"]
[BlackRD "65"]
[GameID "60340"]

1. e4 c5 2. c3 Nf6 3. e5 Nd5 4. d4 cxd4 5. cxd4 d6 6. exd6 Qxd6 7. Nc3 Nc6 8. Nxd5 Qxd5 9. Nf3 Bg4 10. Be2 e6
11. h3 Bh5 12. O-O Rd8 13. Be3 Be7 14. b3 O-O 15. Bc4 Qd6 16. g4 Bg6 17. Qd2 Bf6 18. Rfd1 Be4 19. Be2 Qd5 20. Bc4 Qd6
21. Be2 Bxf3 22. Bxf3 Nxd4 23. Bxd4 Rd7 24. Rac1 Bxd4 25. Kg2 Rfd8 26. Be2 Qb6 27. f3 Be3
0-1

[Event "13th SC 1400/1800"]
[Site "SchemingMind.com"]
[Date "2006.07.19"]
[Round "-"]
[White "Mitchell-in"]
[Black "uergash"]
[Result "1-0"]
[WhiteCountry "ENG"]
[BlackCountry "USA"]
[WhiteElo "1552"]
[WhiteRD "65"]
[BlackElo "1452"]
[BlackRD "75"]
[GameID "60341"]

1. e4 d6 2. d4 Nf6 3. Nc3 g6 4. f4 Bg7 5. Nf3 c6 6. Bd3 Nbd7 7. h3 a6 8. g4 O-O 9. Be3 b5 10. e5 dxe5
11. fxe5 Nd5 12. Nxd5 cxd5 13. h4 Nb6 14. b3 Bxg4 15. Rg1 Bh5 16. Be2 e6 17. Ng5
1-0

[Event "13th SC 1400/1800"]
[Site "SchemingMind.com"]
[Date "2006.07.19"]
[Round "-"]
[White "Mitchell-in"]
[Black "Joe Hayden"]
[Result "0-1"]
[WhiteCountry "ENG"]
[BlackCountry "IRL"]
[WhiteElo "1605"]
[WhiteRD "60"]
[BlackElo "1650"]
[BlackRD "86"]
[GameID "60342"]

1. e4 e5 2. Nf3 Nc6 3. Bc4 Nf6 4. d4 exd4 5. Ng5 d5 6. exd5 Nxd5 7. Nxf7 Qe7+ 8. Qe2 Qxe2+ 9. Kxe2 Kxf7 10. Bxd5+ Ke8
11. Bxc6+ bxc6 12. Re1 Be7 13. Kf1 Kf7 14. Nd2 Re8 15. Nf3 Bg4 16. Nxd4 c5 17. Nb5 Bd8 18. Be3 Rb8 19. Nxa7 Rxb2 20. Bxc5 Rxc2
21. Rxe8 Kxe8 22. Re1+ Kf7 23. Nc6 Bf6 24. Ne5+ Bxe5 25. Rxe5 Rc1+ 26. Re1 Rxc5 27. h3 Be6 28. a3 Rc3 29. Ra1 Bc4+ 30. Ke1 Rc2
31. a4 Re2+ 32. Kd1 Rxf2 33. a5 Rf1+
0-1

[Event "13th SC 1400/1800"]
[Site "SchemingMind.com"]
[Date "2006.07.20"]
[Round "-"]
[White "faulty"]
[Black "Mitchell-in"]
[Result "1-0"]
[WhiteCountry "USA"]
[BlackCountry "ENG"]
[WhiteElo "1859"]
[WhiteRD "83"]
[BlackElo "1552"]
[BlackRD "65"]
[GameID "60343"]

1. e4 c5 2. Nf3 Nc6 3. d4 cxd4 4. Nxd4 e5 5. Nb5 a6 6. Nd6+ Bxd6 7. Qxd6 Qf6 8. Qc7 Qg6 9. f3 Nge7 10. Be3 O-O
11. Nc3 d5 12. Nxd5 Nxd5 13. exd5 Nb4 14. Bd3 Nxd3+ 15. cxd3 Qxd3 16. Qxe5 Bd7 17. Qd4 Qxd4 18. Bxd4 Bf5 19. O-O-O Rac8+ 20. Bc3 b5
21. Rd4 a5 22. a3 Rfd8 23. Rhd1 Rd7 24. R1d2 Rb7 25. Kd1 a4 26. h3 Bg6 27. d6 Rd7 28. Ba5 f6 29. Bc7 Kf7 30. Rb4 Ke6
31. Rxb5 Rcxc7 32. dxc7 Rxc7 33. Rb4 Ra7 34. Rdd4
1-0

[Event "13th SC 1400/1800"]
[Site "SchemingMind.com"]
[Date "2006.07.20"]
[Round "-"]
[White "bdenley"]
[Black "Mitchell-in"]
[Result "0-1"]
[WhiteCountry "USA"]
[BlackCountry "ENG"]
[WhiteElo "1620"]
[WhiteRD "67"]
[BlackElo "1605"]
[BlackRD "60"]
[GameID "60344"]

1. e4 c5 2. Nf3 Nc6 3. Nc3 Nf6 4. Bc4 e6 5. d3 a6 6. a4 Be7 7. Be3 d5 8. exd5 exd5 9. Nxd5 Nxd5 10. Bd2 O-O
11. h3 Be6 12. O-O Nc7 13. Bxe6 Nxe6 14. Re1 Ncd4 15. Ne5 Bd6 16. Nc4 Qc7 17. Nxd6 Qxd6 18. c3 Nc6 19. Qg4 Ne5 20. Bf4 Nxf4
21. Qxf4 f6 22. d4 cxd4 23. cxd4 Nc4 24. Qxd6 Nxd6 25. Re6 Nf5 26. d5 Rad8 27. Rd1 Rfe8 28. Rb6 Rd7 29. g4 Nd6 30. Kg2 Nc4
31. Rb4 Ne5 32. Rbd4 Red8 33. Kg3 Nc6 34. R4d2 Ne7 35. d6 Nc8 36. f4 Rxd6 37. Rxd6 Rxd6 38. Rc1 Rc6 39. Rd1 Rd6 40. Rc1 Nb6
41. b3 Rd3+ 42. Kh4 Rxb3 43. a5 Nd5 44. f5 Rb5
0-1

[Event "13th SC 1400/1800"]
[Site "SchemingMind.com"]
[Date "2006.07.19"]
[Round "-"]
[White "rougon"]
[Black "Mitchell-in"]
[Result "1-0"]
[WhiteCountry "USA"]
[BlackCountry "ENG"]
[WhiteElo "1647"]
[WhiteRD "65"]
[BlackElo "1605"]
[BlackRD "60"]
[GameID "60345"]

1. e4 c5 2. Nf3 Nc6 3. d4 cxd4 4. Nxd4 e5 5. Nb5 a6 6. Nd6+ Bxd6 7. Qxd6 Qf6 8. Qd1 Qg6 9. Nc3 Nf6 10. f3 O-O
11. Be3 h6 12. Qd2 b5 13. O-O-O Rb8 14. Qd6 Bb7 15. g4 b4 16. Na4 a5 17. Nb6 Rfd8 18. h4 h5 19. Be2 hxg4 20. fxg4 Qxe4
21. Nc4 Nxg4 22. Bxg4 Qxg4 23. Rdg1 Qxc4 24. Rxg7+ Kxg7 25. Qh6+
1-0